01455cam a2200349 i 450000100090000000300040000900500170001300800410003001000170007102000180008803500200010604000320012604200080015805000140016608200200018013000460020024501390024625000120038526400560039730000570045333600210051033700250053133800230055650400510057950503210063065000240095165000280097565000300100370000220103370000270105570000230108218928922OSt20230503101414.0160105t20172017nyua b 001 0 eng  a 2016000234 a9780826131287 a(DNLM)101674635 aDNLM/DLCbengcLCerdadDLC apcc00aRC440.P7400a616.89/02312230 aPsychiatric-mental health nursing (Jones)10aPsychiatric-mental health nursing: an interpersonal approach. /c[edited by] Jeffrey S. Jones, Joyce J. Fitzpatrick, Vickie L. Rogers. a2nd ed. 1aNew York:bSpringer Publishing Company, LLC,c2017. axxvii, 664 p. :billustrations (some color) ;c28 cm atext2rdacontent aunmediated2rdamedia avolume2rdacarrier aIncludes bibliographical references and index. aContents: The practice of psychiatric-mental health nursing -- Health promotion and illness prevention -- Acute and chronic illness -- Growth and development and mental health concerns across the life span -- Mental health care settings -- Cultural, ethical, legal and professional aspects of mental health care -- 12aPsychiatric Nursing22aNurse-Patient Relations22aMental Disordersxnursing1 aJones, Jeffrey S.1 aFitzpatrick, Joyce J.,1 aRogers, Vickie L.,